[Event "VIII Miedzynarodowy Memorial Ferdynanda Dziedzica"]
[Site "Trzcianka"]
[Date "2018.10.14"]
[Round "7.8"]
[White "Nowak, Mikolaj"]
[Black "Sieciechowicz, Marcin"]
[Result "1-0"]
[BlackElo "2374"]
[WhiteElo "2107"]
[LiveChessVersion "1.4.8"]

1. d4 {[%clk 0:10:09]} Nf6 {[%clk 0:10:08]} 2. c4 {[%clk 0:10:12]} g6
{[%clk 0:10:12]} 3. g3 {[%clk 0:10:16]} Bg7 {[%clk 0:10:15]} 4. Bg2
{[%clk 0:10:18]} d5 {[%clk 0:10:19]} 5. cxd5 {[%clk 0:10:12]} Nxd5
{[%clk 0:10:23]} 6. Nf3 {[%clk 0:10:13]} Nb6 {[%clk 0:10:27]} 7. Nc3
{[%clk 0:10:16]} Nc6 {[%clk 0:10:32]} 8. e3 {[%clk 0:10:16]} O-O {[%clk 0:10:35]}
9. O-O {[%clk 0:10:19]} Re8 {[%clk 0:10:39]} 10. Re1 {[%clk 0:10:13]} a5
{[%clk 0:10:43]} 11. Qe2 {[%clk 0:10:13]} a4 {[%clk 0:10:42]} 12. Rd1
{[%clk 0:10:03]} a3 {[%clk 0:10:42]} 13. b3 {[%clk 0:09:58]} e6 {[%clk 0:09:55]}
14. Bd2 {[%clk 0:09:47]} Qe7 {[%clk 0:08:27]} 15. Rac1 {[%clk 0:09:40]} Rd8
{[%clk 0:07:41]} 16. Be1 {[%clk 0:09:31]} Nb4 {[%clk 0:05:49]} 17. h3
{[%clk 0:08:23]} c6 {[%clk 0:05:30]} 18. Ne5 {[%clk 0:07:22]} Nd7
{[%clk 0:05:27]} 19. Nxd7 {[%clk 0:05:26]} Bxd7 {[%clk 0:05:23]} 20. Ne4
{[%clk 0:05:09]} Be8 {[%clk 0:05:19]} 21. Nc5 {[%clk 0:04:46]} Na6
{[%clk 0:05:21]} 22. Nxa6 {[%clk 0:04:04]} Rxa6 {[%clk 0:05:24]} 23. Qc4
{[%clk 0:03:55]} Bf8 {[%clk 0:04:54]} 24. Bc3 {[%clk 0:03:33]} Raa8
{[%clk 0:04:54]} 25. e4 {[%clk 0:02:51]} b5 {[%clk 0:04:50]} 26. Qd3
{[%clk 0:02:34]} b4 {[%clk 0:03:53]} 27. Bd2 {[%clk 0:02:03]} Bg7
{[%clk 0:02:46]} 28. Rc4 {[%clk 0:01:28]} c5 {[%clk 0:02:39]} 29. d5
{[%clk 0:01:28]} Bb5 {[%clk 0:02:32]} 30. Bf4 {[%clk 0:01:12]} Bxc4
{[%clk 0:01:48]} 31. Qxc4 {[%clk 0:01:13]} exd5 {[%clk 0:01:43]} 32. exd5
{[%clk 0:01:17]} Rac8 {[%clk 0:00:38]} 33. d6 {[%clk 0:01:20]} Qd7
{[%clk 0:00:38]} 34. h4 {[%clk 0:01:11]} Bd4 {[%clk 0:00:41]} 35. Kh2
{[%clk 0:01:10]} Qe6 {[%clk 0:00:08]} 36. Qxe6 {[%clk 0:00:40]} fxe6
{[%clk 0:00:13]} 37. Bh3 {[%clk 0:00:44]} Kf7 {[%clk 0:00:17]} 38. Re1
{[%clk 0:00:47]} e5 {[%clk 0:00:20]} 39. Bxc8 {[%clk 0:00:11]} exf4
{[%clk 0:00:24]} 40. Be6+ {[%clk 0:00:12]} Kf6 {[%clk 0:00:28]} 41. d7
{[%clk 0:00:13]} Bxf2 {[%clk 0:00:32]} 42. Re2 {[%clk 0:00:12]} fxg3+
{[%clk 0:00:19]} 43. Kg2 {[%clk 0:00:15]} Bd4 {[%clk 0:00:23]} 44. Bg4
{[%clk 0:00:13]} Be5 {[%clk 0:00:22]} 45. Kf3 {[%clk 0:00:13]} h6
{[%clk 0:00:24]} 46. Ke4 {[%clk 0:00:15]} Bd4 {[%clk 0:00:19]} 47. Kd5
{[%clk 0:00:16]} Kf7 {[%clk 0:00:19]} 48. Kc6 {[%clk 0:00:16]} c4
{[%clk 0:00:17]} 49. Kc7 {[%clk 0:00:15]} Bf6 {[%clk 0:00:16]} 50. Be6+
{[%clk 0:00:19]} Kg7 {[%clk 0:00:15]} 51. Bxc4 {[%clk 0:00:20]} Bxh4
{[%clk 0:00:18]} 52. Bd5 {[%clk 0:00:22]} Kf8 {[%clk 0:00:12]} 53. Bc6
{[%clk 0:00:24]} h5 {[%clk 0:00:11]} 54. Re8+ {[%clk 0:00:28]} Kg7
{[%clk 0:00:14]} 55. Rxd8 {[%clk 0:00:31]} 1-0

[Event "VIII Miedzynarodowy Memorial Ferdynanda Dziedzica"]
[Site "Trzcianka"]
[Date "2018.10.14"]
[Round "7.9"]
[White "Jaracz, Barbara"]
[Black "Chojnacki, Krzysztof"]
[Result "1-0"]
[BlackElo "2341"]
[WhiteElo "2091"]
[LiveChessVersion "1.4.8"]

1. e4 {[%clk 0:10:08]} d6 {[%clk 0:10:07]} 2. d4 {[%clk 0:10:10]} Nf6
{[%clk 0:10:10]} 3. Nc3 {[%clk 0:10:13]} g6 {[%clk 0:10:14]} 4. Nf3
{[%clk 0:10:00]} Bg7 {[%clk 0:10:17]} 5. Bc4 {[%clk 0:09:53]} Nxe4
{[%clk 0:09:48]} 6. Nxe4 {[%clk 0:09:11]} d5 {[%clk 0:09:51]} 7. Bd3
{[%clk 0:09:07]} dxe4 {[%clk 0:09:53]} 8. Bxe4 {[%clk 0:09:11]} Nd7
{[%clk 0:09:27]} 9. O-O {[%clk 0:08:48]} O-O {[%clk 0:09:22]} 10. c3
{[%clk 0:08:25]} c5 {[%clk 0:09:17]} 11. dxc5 {[%clk 0:06:43]} Nxc5
{[%clk 0:09:20]} 12. Bc2 {[%clk 0:06:47]} Qc7 {[%clk 0:07:39]} 13. Be3
{[%clk 0:06:37]} b6 {[%clk 0:07:19]} 14. Bxc5 {[%clk 0:03:34]} Qxc5
{[%clk 0:06:56]} 15. Be4 {[%clk 0:03:19]} Rb8 {[%clk 0:06:59]} 16. Qe2
{[%clk 0:02:39]} f5 {[%clk 0:06:02]} 17. Bc2 {[%clk 0:02:41]} e5 {[%clk 0:06:06]}
18. Rad1 {[%clk 0:01:55]} Kh8 {[%clk 0:04:38]} 19. Qe3 {[%clk 0:01:24]} Qxe3
{[%clk 0:04:07]} 20. fxe3 {[%clk 0:01:27]} Ba6 {[%clk 0:04:10]} 21. Rfe1
{[%clk 0:01:30]} Rfd8 {[%clk 0:03:28]} 22. e4 {[%clk 0:01:04]} f4
{[%clk 0:03:29]} 23. Ng5 {[%clk 0:00:56]} Rxd1 {[%clk 0:02:30]} 24. Rxd1
{[%clk 0:00:59]} h6 {[%clk 0:02:33]} 25. Ne6 {[%clk 0:00:45]} Bf6
{[%clk 0:01:43]} 26. Rd7 {[%clk 0:00:27]} Bc8 {[%clk 0:01:42]} 27. Rf7
{[%clk 0:00:18]} Bxe6 {[%clk 0:01:45]} 28. Rxf6 {[%clk 0:00:21]} Re8
{[%clk 0:01:25]} 29. Bb3 {[%clk 0:00:16]} Bxb3 {[%clk 0:01:20]} 30. axb3
{[%clk 0:00:19]} Kg7 {[%clk 0:01:23]} 31. Rd6 {[%clk 0:00:21]} Re7
{[%clk 0:01:20]} 32. Kf2 {[%clk 0:00:24]} Kf7 {[%clk 0:01:23]} 33. b4
{[%clk 0:00:22]} Rc7 {[%clk 0:01:15]} 34. Ke2 {[%clk 0:00:24]} h5
{[%clk 0:01:18]} 35. Kd3 {[%clk 0:00:13]} g5 {[%clk 0:00:37]} 36. Rh6
{[%clk 0:00:12]} Kg7 {[%clk 0:00:41]} 37. Re6 {[%clk 0:00:12]} Rd7+
{[%clk 0:00:41]} 38. Ke2 {[%clk 0:00:15]} g4 {[%clk 0:00:36]} 39. Rxe5
{[%clk 0:00:18]} Kg6 {[%clk 0:00:39]} 40. Rf5 {[%clk 0:00:12]} Re7
{[%clk 0:00:09]} 41. Rxf4 {[%clk 0:00:15]} Re8 {[%clk 0:00:12]} 42. Ke3
{[%clk 0:00:17]} Rd8 {[%clk 0:00:17]} 43. Rf1 {[%clk 0:00:20]} Rd7
{[%clk 0:00:20]} 44. e5 {[%clk 0:00:22]} Rd5 {[%clk 0:00:24]} 45. Rf6+
{[%clk 0:00:09]} Kg7 {[%clk 0:00:26]} 46. Re6 {[%clk 0:00:07]} Kf7
{[%clk 0:00:29]} 47. Rf6+ {[%clk 0:00:09]} Ke7 {[%clk 0:00:32]} 48. Rf5
{[%clk 0:00:13]} Ke6 {[%clk 0:00:31]} 49. Rxh5 {[%clk 0:00:13]} Rd1
{[%clk 0:00:35]} 50. Rg5 {[%clk 0:00:07]} Rh1 {[%clk 0:00:35]} 51. Rxg4
{[%clk 0:00:09]} Rxh2 {[%clk 0:00:39]} 52. Kd4 {[%clk 0:00:10]} Rh1
{[%clk 0:00:42]} 53. Rg6+ {[%clk 0:00:12]} Kd7 {[%clk 0:00:44]} 54. Rg7+
{[%clk 0:00:15]} Ke6 {[%clk 0:00:44]} 55. Rxa7 {[%clk 0:00:16]} Rd1+
{[%clk 0:00:47]} 56. Kc4 {[%clk 0:00:19]} Rd2 {[%clk 0:00:49]} 57. b3
{[%clk 0:00:22]} Rxg2 {[%clk 0:00:49]} 58. Rb7 {[%clk 0:00:22]} Kxe5
{[%clk 0:00:49]} 59. Rxb6 {[%clk 0:00:25]} Rg8 {[%clk 0:00:53]} 60. Rc6
{[%clk 0:00:26]} Rg4+ {[%clk 0:00:50]} 61. Kb5 {[%clk 0:00:30]} Rg3
{[%clk 0:00:52]} 62. Rc8 {[%clk 0:00:28]} Kd6 {[%clk 0:00:56]} 63. Kb6
{[%clk 0:00:27]} Kd7 {[%clk 0:01:00]} 64. Rc5 {[%clk 0:00:30]} Rg6+
{[%clk 0:01:02]} 65. Ka5 {[%clk 0:00:33]} Kd6 {[%clk 0:01:02]} 66. Rc4
{[%clk 0:00:37]} Rg8 {[%clk 0:01:03]} 67. b5 {[%clk 0:00:40]} Ra8+
{[%clk 0:01:07]} 68. Kb4 {[%clk 0:00:44]} Rb8 {[%clk 0:01:09]} 69. Rc6+
{[%clk 0:00:46]} Kd7 {[%clk 0:01:13]} 70. c4 {[%clk 0:00:50]} Ra8
{[%clk 0:01:13]} 71. Rh6 {[%clk 0:00:48]} Ra1 {[%clk 0:01:05]} 72. b6
{[%clk 0:00:49]} Kc8 {[%clk 0:01:08]} 73. Kb5 {[%clk 0:00:51]} Rg1
{[%clk 0:01:05]} 74. b4 {[%clk 0:00:55]} Kb7 {[%clk 0:01:04]} 75. c5
{[%clk 0:00:57]} Rg5 {[%clk 0:01:08]} 76. Rh7+ {[%clk 0:01:01]} Kb8
{[%clk 0:01:12]} 77. Ka6 {[%clk 0:01:02]} Rg8 {[%clk 0:01:15]} 78. c6
{[%clk 0:00:57]} Ka8 {[%clk 0:01:13]} 79. Ra7+ {[%clk 0:00:56]} 1-0

[Event "VIII Miedzynarodowy Memorial Ferdynanda Dziedzica"]
[Site "Trzcianka"]
[Date "2018.10.14"]
[Round "8.1"]
[White "Krasenkow, Michal"]
[Black "Czerwonski, Aleksander"]
[Result "1-0"]
[BlackElo "2358"]
[WhiteElo "2524"]
[LiveChessVersion "1.4.8"]

1. d4 {[%clk 0:10:09]} d5 {[%clk 0:10:07]} 2. c4 {[%clk 0:10:13]} c6
{[%clk 0:10:11]} 3. Nc3 {[%clk 0:10:17]} e5 {[%clk 0:10:13]} 4. dxe5
{[%clk 0:10:12]} d4 {[%clk 0:10:16]} 5. Ne4 {[%clk 0:10:17]} Qa5+
{[%clk 0:10:07]} 6. Bd2 {[%clk 0:10:20]} Qxe5 {[%clk 0:10:09]} 7. Ng3
{[%clk 0:10:24]} c5 {[%clk 0:09:55]} 8. Nf3 {[%clk 0:10:27]} Qc7 {[%clk 0:09:55]}
9. e3 {[%clk 0:10:26]} Nc6 {[%clk 0:09:39]} 10. exd4 {[%clk 0:10:16]} cxd4
{[%clk 0:09:42]} 11. Bd3 {[%clk 0:10:20]} Nf6 {[%clk 0:09:34]} 12. O-O
{[%clk 0:10:23]} Be7 {[%clk 0:09:28]} 13. a3 {[%clk 0:08:11]} O-O
{[%clk 0:09:07]} 14. b4 {[%clk 0:08:15]} Bg4 {[%clk 0:08:48]} 15. h3
{[%clk 0:07:20]} Bxf3 {[%clk 0:08:21]} 16. Qxf3 {[%clk 0:07:23]} a5
{[%clk 0:06:53]} 17. Bf4 {[%clk 0:06:21]} Bd6 {[%clk 0:05:09]} 18. Bxd6
{[%clk 0:06:21]} Qxd6 {[%clk 0:05:13]} 19. Nf5 {[%clk 0:06:19]} Qc7
{[%clk 0:04:13]} 20. b5 {[%clk 0:02:35]} Ne5 {[%clk 0:04:13]} 21. Qd1
{[%clk 0:02:30]} Rfd8 {[%clk 0:03:55]} 22. Re1 {[%clk 0:02:23]} Qc5
{[%clk 0:03:34]} 23. Ng3 {[%clk 0:02:17]} Rac8 {[%clk 0:03:23]} 24. Ne4
{[%clk 0:01:48]} Nxe4 {[%clk 0:03:15]} 25. Rxe4 {[%clk 0:01:51]} Nxd3
{[%clk 0:03:16]} 26. Qxd3 {[%clk 0:01:56]} Qxc4 {[%clk 0:03:16]} 27. Rd1
{[%clk 0:01:57]} Qxd3 {[%clk 0:03:08]} 28. Rxd3 {[%clk 0:02:01]} Rc4
{[%clk 0:02:35]} 29. Re7 {[%clk 0:02:05]} b6 {[%clk 0:02:39]} 30. Rb7
{[%clk 0:02:09]} Rc1+ {[%clk 0:02:10]} 31. Kh2 {[%clk 0:02:13]} Rc2
{[%clk 0:02:14]} 32. Rxd4 {[%clk 0:02:13]} Re8 {[%clk 0:02:07]} 33. Rf4
{[%clk 0:02:17]} f6 {[%clk 0:01:50]} 34. Rg4 {[%clk 0:02:05]} g6 {[%clk 0:01:37]}
35. Rd4 {[%clk 0:02:09]} Rxf2 {[%clk 0:01:19]} 36. Rdd7 {[%clk 0:02:13]} g5
{[%clk 0:01:16]} 37. Rg7+ {[%clk 0:02:16]} Kh8 {[%clk 0:01:20]} 38. Rxh7+
{[%clk 0:02:20]} Kg8 {[%clk 0:01:24]} 39. Rhg7+ {[%clk 0:02:08]} Kh8
{[%clk 0:01:28]} 40. Rgc7 {[%clk 0:02:10]} Ra2 {[%clk 0:01:15]} 41. Rxb6
{[%clk 0:02:13]} Rf8 {[%clk 0:01:14]} 42. Rbb7 {[%clk 0:02:16]} Re8
{[%clk 0:01:16]} 43. Re7 {[%clk 0:01:34]} Rxe7 {[%clk 0:01:04]} 44. Rxe7
{[%clk 0:01:38]} Rb2 {[%clk 0:01:08]} 45. a4 {[%clk 0:01:42]} Rb3
{[%clk 0:01:08]} 46. Ra7 {[%clk 0:01:45]} f5 {[%clk 0:00:41]} 47. Rxa5
{[%clk 0:01:41]} f4 {[%clk 0:00:44]} 48. Ra7 {[%clk 0:01:37]} Rb2
{[%clk 0:00:46]} 49. Kg1 {[%clk 0:01:41]} Rb1+ {[%clk 0:00:46]} 50. Kf2
{[%clk 0:01:45]} Rb2+ {[%clk 0:00:50]} 51. Kf3 {[%clk 0:01:42]} Rb3+
{[%clk 0:00:53]} 52. Ke4 {[%clk 0:01:31]} Kg8 {[%clk 0:00:48]} 53. Kf5
{[%clk 0:01:27]} 1-0

[Event "VIII Miedzynarodowy Memorial Ferdynanda Dziedzica"]
[Site "Trzcianka"]
[Date "2018.10.14"]
[Round "8.2"]
[White "Moiseenko, Alexander"]
[Black "Jaroch, Karol"]
[Result "1-0"]
[BlackElo "2285"]
[WhiteElo "2680"]
[LiveChessVersion "1.4.8"]

1. d4 {[%clk 0:10:09]} e6 {[%clk 0:10:09]} 2. Nf3 {[%clk 0:10:03]} Nf6
{[%clk 0:10:12]} 3. c4 {[%clk 0:10:07]} b6 {[%clk 0:10:16]} 4. g3
{[%clk 0:10:06]} Bb7 {[%clk 0:10:19]} 5. Bg2 {[%clk 0:10:05]} Bb4+
{[%clk 0:10:22]} 6. Bd2 {[%clk 0:09:48]} Qe7 {[%clk 0:10:23]} 7. O-O
{[%clk 0:09:37]} Bxd2 {[%clk 0:10:26]} 8. Qxd2 {[%clk 0:09:24]} d6
{[%clk 0:10:27]} 9. Nc3 {[%clk 0:08:38]} Nbd7 {[%clk 0:09:11]} 10. Qc2
{[%clk 0:08:12]} O-O {[%clk 0:08:10]} 11. e4 {[%clk 0:08:03]} e5 {[%clk 0:08:12]}
12. Rfe1 {[%clk 0:07:59]} c6 {[%clk 0:07:01]} 13. Rad1 {[%clk 0:07:35]} Rfd8
{[%clk 0:07:05]} 14. h3 {[%clk 0:07:07]} a6 {[%clk 0:07:08]} 15. b4
{[%clk 0:06:57]} g6 {[%clk 0:06:32]} 16. a3 {[%clk 0:06:55]} exd4
{[%clk 0:06:08]} 17. Nxd4 {[%clk 0:06:57]} Ne5 {[%clk 0:05:52]} 18. Qb3
{[%clk 0:06:06]} b5 {[%clk 0:05:33]} 19. cxb5 {[%clk 0:06:04]} axb5
{[%clk 0:05:37]} 20. f4 {[%clk 0:05:47]} Nc4 {[%clk 0:05:40]} 21. a4
{[%clk 0:05:51]} Qc7 {[%clk 0:04:17]} 22. axb5 {[%clk 0:05:41]} cxb5
{[%clk 0:04:07]} 23. Ncxb5 {[%clk 0:05:42]} Qb6 {[%clk 0:04:10]} 24. Qxc4
{[%clk 0:05:38]} Ba6 {[%clk 0:03:05]} 25. Qc7 {[%clk 0:05:15]} 1-0

[Event "VIII Miedzynarodowy Memorial Ferdynanda Dziedzica"]
[Site "Trzcianka"]
[Date "2018.10.14"]
[Round "8.3"]
[White "Piorun, Kacper"]
[Black "Lewtak, Damian"]
[Result "1-0"]
[BlackElo "2278"]
[WhiteElo "2636"]
[LiveChessVersion "1.4.8"]

1. e4 {[%clk 0:10:08]} c5 {[%clk 0:10:09]} 2. Nc3 {[%clk 0:10:12]} d6
{[%clk 0:10:06]} 3. g3 {[%clk 0:10:15]} Nf6 {[%clk 0:10:07]} 4. Bg2
{[%clk 0:10:19]} Nc6 {[%clk 0:10:10]} 5. d3 {[%clk 0:10:22]} g6 {[%clk 0:10:06]}
6. Nge2 {[%clk 0:10:26]} h5 {[%clk 0:10:03]} 7. h3 {[%clk 0:10:22]} Nd4
{[%clk 0:09:54]} 8. Be3 {[%clk 0:10:08]} e5 {[%clk 0:09:57]} 9. Qd2
{[%clk 0:10:07]} Qa5 {[%clk 0:09:32]} 10. O-O {[%clk 0:08:58]} Be7
{[%clk 0:07:01]} 11. f4 {[%clk 0:08:43]} h4 {[%clk 0:06:18]} 12. fxe5
{[%clk 0:08:32]} Nxe2+ {[%clk 0:06:07]} 13. Qxe2 {[%clk 0:08:27]} Nh5
{[%clk 0:05:13]} 14. Qf3 {[%clk 0:07:30]} Be6 {[%clk 0:04:47]} 15. exd6
{[%clk 0:07:19]} Bxd6 {[%clk 0:04:47]} 16. g4 {[%clk 0:07:20]} Ng3
{[%clk 0:04:45]} 17. Rf2 {[%clk 0:07:23]} Be5 {[%clk 0:03:43]} 18. Nd5
{[%clk 0:07:04]} Bxd5 {[%clk 0:03:33]} 19. exd5 {[%clk 0:07:07]} O-O
{[%clk 0:03:34]} 20. c3 {[%clk 0:07:02]} Qc7 {[%clk 0:03:19]} 21. Bg5
{[%clk 0:06:25]} f5 {[%clk 0:03:22]} 22. Re1 {[%clk 0:05:28]} Rae8
{[%clk 0:02:22]} 23. d6 {[%clk 0:04:41]} Qxd6 {[%clk 0:02:15]} 24. Qd5+
{[%clk 0:04:12]} Qxd5 {[%clk 0:01:28]} 25. Bxd5+ {[%clk 0:04:15]} Kg7
{[%clk 0:01:32]} 26. Kg2 {[%clk 0:04:11]} Bf6 {[%clk 0:01:09]} 27. Rxe8
{[%clk 0:04:07]} Rxe8 {[%clk 0:01:13]} 28. Bxf6+ {[%clk 0:02:04]} Kxf6
{[%clk 0:01:16]} 29. gxf5 {[%clk 0:02:02]} gxf5 {[%clk 0:01:17]} 30. Bxb7
{[%clk 0:01:54]} Kg5 {[%clk 0:01:18]} 31. Bf3 {[%clk 0:01:40]} Rd8
{[%clk 0:01:15]} 32. Rd2 {[%clk 0:01:38]} Kf4 {[%clk 0:00:59]} 33. Rd1
{[%clk 0:01:00]} Ke3 {[%clk 0:00:49]} 34. Re1+ {[%clk 0:01:04]} Kd2
{[%clk 0:00:52]} 35. Re5 {[%clk 0:01:08]} Kc2 {[%clk 0:00:38]} 36. Rxc5
{[%clk 0:00:58]} Rxd3 {[%clk 0:00:41]} 37. Rc4 {[%clk 0:00:20]} Rd2+
{[%clk 0:00:36]} 38. Kg1 {[%clk 0:00:25]} Kxb2 {[%clk 0:00:24]} 39. Rxh4
{[%clk 0:00:28]} Kxc3 {[%clk 0:00:23]} 40. Ra4 {[%clk 0:00:32]} Kd3
{[%clk 0:00:12]} 41. Rxa7 {[%clk 0:00:21]} Ke3 {[%clk 0:00:15]} 42. Ra3+
{[%clk 0:00:25]} Kf4 {[%clk 0:00:19]} 43. h4 {[%clk 0:00:17]} Ne4
{[%clk 0:00:13]} 44. Bh5 {[%clk 0:00:11]} Rc2 {[%clk 0:00:13]} 45. Rf3+
{[%clk 0:00:09]} Ke5 {[%clk 0:00:17]} 46. Bg6 {[%clk 0:00:11]} f4
{[%clk 0:00:16]} 47. a3 {[%clk 0:00:08]} Ng3 {[%clk 0:00:11]} 48. Bxc2
{[%clk 0:00:11]} 1-0

[Event "VIII Miedzynarodowy Memorial Ferdynanda Dziedzica"]
[Site "Trzcianka"]
[Date "2018.10.14"]
[Round "8.4"]
[White "Jaracz, Barbara"]
[Black "Tomczak, Jacek"]
[Result "0-1"]
[BlackElo "2546"]
[WhiteElo "2091"]
[LiveChessVersion "1.4.8"]

1. e4 {[%clk 0:10:08]} c5 {[%clk 0:10:09]} 2. Nf3 {[%clk 0:10:11]} d6
{[%clk 0:10:12]} 3. Bc4 {[%clk 0:10:05]} Nc6 {[%clk 0:10:02]} 4. c3
{[%clk 0:09:36]} Nf6 {[%clk 0:10:00]} 5. d3 {[%clk 0:08:59]} g6 {[%clk 0:09:50]}
6. h3 {[%clk 0:09:00]} Bg7 {[%clk 0:09:52]} 7. O-O {[%clk 0:08:52]} O-O
{[%clk 0:09:53]} 8. Re1 {[%clk 0:08:34]} e5 {[%clk 0:09:35]} 9. Bb3
{[%clk 0:07:41]} h6 {[%clk 0:09:03]} 10. Be3 {[%clk 0:07:38]} b6 {[%clk 0:08:24]}
11. d4 {[%clk 0:06:49]} Bb7 {[%clk 0:08:24]} 12. Nbd2 {[%clk 0:06:20]} exd4
{[%clk 0:08:11]} 13. cxd4 {[%clk 0:06:21]} Re8 {[%clk 0:08:13]} 14. d5
{[%clk 0:06:01]} Nb4 {[%clk 0:07:54]} 15. Bc2 {[%clk 0:05:07]} Ba6
{[%clk 0:07:48]} 16. a3 {[%clk 0:04:08]} Nd3 {[%clk 0:07:41]} 17. Bxd3
{[%clk 0:04:11]} Bxd3 {[%clk 0:07:43]} 18. Bf4 {[%clk 0:01:00]} Nxe4
{[%clk 0:07:33]} 19. Nxe4 {[%clk 0:00:46]} Bxe4 {[%clk 0:07:35]} 0-1

[Event "VIII Miedzynarodowy Memorial Ferdynanda Dziedzica"]
[Site "Trzcianka"]
[Date "2018.10.14"]
[Round "8.5"]
[White "Jaracz, Pawel"]
[Black "Nowak, Mikolaj"]
[Result "1/2-1/2"]
[BlackElo "2107"]
[WhiteElo "2538"]
[LiveChessVersion "1.4.8"]

1. Nf3 {[%clk 0:10:09]} d6 {[%clk 0:10:06]} 2. d4 {[%clk 0:10:08]} f5
{[%clk 0:10:08]} 3. Bg5 {[%clk 0:09:59]} h6 {[%clk 0:09:53]} 4. Bf4
{[%clk 0:09:49]} g5 {[%clk 0:09:31]} 5. Bc1 {[%clk 0:09:53]} Nf6 {[%clk 0:09:26]}
6. h4 {[%clk 0:09:43]} g4 {[%clk 0:09:26]} 7. Nfd2 {[%clk 0:09:43]} Nc6
{[%clk 0:08:59]} 8. e3 {[%clk 0:09:36]} e5 {[%clk 0:08:54]} 9. Bb5
{[%clk 0:09:39]} Bd7 {[%clk 0:08:44]} 10. c3 {[%clk 0:09:43]} a6 {[%clk 0:08:36]}
11. Ba4 {[%clk 0:09:46]} Qe7 {[%clk 0:08:14]} 12. Nf1 {[%clk 0:09:21]} O-O-O
{[%clk 0:08:02]} 13. d5 {[%clk 0:09:14]} Nb8 {[%clk 0:07:39]} 14. c4
{[%clk 0:09:10]} h5 {[%clk 0:07:22]} 15. Nc3 {[%clk 0:09:08]} Bh6
{[%clk 0:07:02]} 16. Qc2 {[%clk 0:09:08]} e4 {[%clk 0:06:47]} 17. Ng3
{[%clk 0:09:09]} Rde8 {[%clk 0:05:47]} 18. Nce2 {[%clk 0:09:04]} Qf7
{[%clk 0:05:34]} 19. Bd2 {[%clk 0:08:42]} Bxa4 {[%clk 0:05:16]} 20. Qxa4
{[%clk 0:08:46]} Nfd7 {[%clk 0:05:19]} 21. Bc3 {[%clk 0:08:18]} Nc5
{[%clk 0:05:00]} 22. Qc2 {[%clk 0:08:21]} Nd3+ {[%clk 0:05:04]} 23. Kf1
{[%clk 0:07:20]} Rhf8 {[%clk 0:05:00]} 24. Nd4 {[%clk 0:07:22]} f4
{[%clk 0:04:06]} 25. Ngf5 {[%clk 0:06:57]} fxe3 {[%clk 0:03:26]} 26. Nxh6
{[%clk 0:06:54]} Qxf2+ {[%clk 0:02:54]} 27. Qxf2 {[%clk 0:06:58]} Rxf2+
{[%clk 0:02:57]} 28. Kg1 {[%clk 0:07:02]} Nf4 {[%clk 0:02:55]} 29. g3
{[%clk 0:05:53]} Rg2+ {[%clk 0:02:04]} 30. Kf1 {[%clk 0:05:57]} Rxg3
{[%clk 0:02:08]} 31. Nhf5 {[%clk 0:05:33]} e2+ {[%clk 0:01:11]} 32. Kf2
{[%clk 0:05:29]} Rf3+ {[%clk 0:01:15]} 33. Ke1 {[%clk 0:05:12]} g3
{[%clk 0:00:59]} 34. Rg1 {[%clk 0:05:04]} g2 {[%clk 0:00:50]} 35. Kd2
{[%clk 0:04:16]} e3+ {[%clk 0:00:31]} 36. Kc2 {[%clk 0:04:18]} Rf1
{[%clk 0:00:32]} 37. Re1 {[%clk 0:04:17]} Nd7 {[%clk 0:00:22]} 38. Ng3
{[%clk 0:04:15]} Rxe1 {[%clk 0:00:13]} 39. Bxe1 {[%clk 0:04:12]} Ne5
{[%clk 0:00:12]} 40. Ngxe2 {[%clk 0:04:06]} Nxe2 {[%clk 0:00:13]} 41. Nxe2
{[%clk 0:04:10]} Nf3 {[%clk 0:00:17]} 42. Kd3 {[%clk 0:04:09]} Nxg1
{[%clk 0:00:16]} 43. Nxg1 {[%clk 0:04:13]} Rf8 {[%clk 0:00:11]} 44. Kxe3
{[%clk 0:04:16]} Rf1 {[%clk 0:00:14]} 45. Bf2 {[%clk 0:04:21]} Kd7
{[%clk 0:00:17]} 46. Kf3 {[%clk 0:04:20]} Rb1 {[%clk 0:00:20]} 47. Bd4
{[%clk 0:04:14]} Rd1 {[%clk 0:00:23]} 48. Be3 {[%clk 0:04:11]} Rb1
{[%clk 0:00:26]} 49. Bd4 {[%clk 0:03:49]} Rd1 {[%clk 0:00:30]} 50. Ke4 1/2-1/2